Sports Quiz

Random Sports Quiz

Strzelcy w Szczecinie Quiz Stats

 Plays Quiz not verified by Sporcle

Score 0/35 Timer 10:00
0 Plays Today
Mecz Strzelec gola % Correct
13/14 Esa Pogoń-Lech 5:1Marcin Robak
90.7%
Marcin Robak
90.7%
Marcin Robak
90.7%
Marcin Robak
90.7%
Marcin Robak
90.7%
14/15 Esa Pogoń-Lech 1:1Marcin Robak
90.7%
Marcin Robak
90.7%
16/17 PP Pogoń-Lech 0:1Marcin Robak
90.7%
Piotr Reiss
86%
Piotr Reiss
86%
Dawid Kownacki
86%
16/17 Esa Pogoń-Lech 0:3Dawid Kownacki
86%
Dawid Kownacki
86%
06/07 Esa Pogoń-Lech 1:3Zbigniew Zakrzewski
62.8%
02/03 Esa Pogoń-Lech 0:1Bartosz Ślusarski
60.5%
15/16 Esa Pogoń-Lech 0:2Kasper Hamalainen
60.5%
Łukasz Trałka
58.1%
18/19 Esa Pogoń-Lech 3:0Tomas Podstawski
55.8%
Mecz Strzelec gola % Correct
Adam Buksa
55.8%
12/13 Esa Pogoń-Lech 0:2Marcin Kamiński
48.8%
Adam Frączczak
48.8%
15/16 Esa Pogoń-Lech 1:0Łukasz Zwoliński
46.5%
Aleksandar Tonew
44.2%
Paulus Arajuuri
41.9%
17/18 PP Pogoń-Lech 3:0Dawid Kort
34.9%
Dawid Kort
34.9%
Claudio Milar
23.3%
04/05 Esa Pogoń-Lech 3:1Grzegorz Matlak
20.9%
Przemysław Pitry
20.9%
Lasza Dwali
20.9%
Arkadiusz Bąk
16.3%
06/07 PE Pogoń-Lech 0:3Arkadiusz Bąk
16.3%
Tomasz Parzy
14%
Fernando Bonjour
14%
Anderson
11.6%

You're not logged in!

Compare scores with friends on all Sporcle quizzes.
OR
Log In

Sporcle TV

Today on Sporcle TV


Watch our educational content, quiz creation guides, and fun videos on Sporcle TV.

Show Comments

Extras

Created Apr 26, 2019ReportNominate
Tags:XXI

Top Quizzes Today


Score Distribution

Your Account Isn't Verified!

In order to create a playlist on Sporcle, you need to verify the email address you used during registration. Go to your Sporcle Settings to finish the process.

Report this User

Report this user for behavior that violates our Community Guidelines.

Details: